000 00958cam a2200253 a 4500
001 000002889
005 20200929150258.0
008 990830s1998 pe 001 p spa
020 _a9972450619
040 _aDO-SdBNP
_cDLC
_dDLC
082 _a861
_bP745m
245 0 0 _aPoetas del mundo :
_bencuentro.
260 _aLima, Perú :
_bFondo de Cultura Económica :
_bUniversidad de Lima,
_c1998.
300 _a256 p. ;
_c27 cm.
490 1 _aEncuentros
500 _a"Textos de los poetas participantes en el Encuentro 'Poetas del Mundo,' organizado por la Universidad de Lima ... en septiembre de 1998"--P. 9.
650 4 _aPoesía
_xColecciones
_ySIGLO XX
_99177
650 4 _aPoesía moderna
_ySIGLO XX
_98863
710 2 _aFondo de Cultura Económica.
_99178
710 2 _aUniversidad de Lima.
_99179
711 2 _aEncuentro "Poetas del Mundo"
_d(1998 :
_cUniversidad de Lima)
_99180
830 0 _aEncuentros
_99181
910 _aCatalogación por copia / LC
999 _c2723
_d2723